<?xml version="1.0" encoding="UTF-8"?>
<record
    xmlns:xsi="http://www.w3.org/2001/XMLSchema-instance"
    xsi:schemaLocation="http://www.loc.gov/MARC21/slim http://www.loc.gov/standards/marcxml/schema/MARC21slim.xsd"
    xmlns="http://www.loc.gov/MARC21/slim">

  <leader>01341nam a22002777a 4500</leader>
  <controlfield tag="003">OSt</controlfield>
  <controlfield tag="005">20230906093207.0</controlfield>
  <controlfield tag="008">140915b        xxu||||| |||| 00| 0 eng d</controlfield>
  <datafield tag="022" ind1=" " ind2=" ">
    <subfield code="a">08550859</subfield>
  </datafield>
  <datafield tag="040" ind1=" " ind2=" ">
    <subfield code="c">LC</subfield>
  </datafield>
  <datafield tag="050" ind1=" " ind2=" ">
    <subfield code="a">K18.R32(Vol. xv)</subfield>
  </datafield>
  <datafield tag="110" ind1=" " ind2=" ">
    <subfield code="b">Council for Law Reporting (Ghana)</subfield>
    <subfield code="9">2171</subfield>
  </datafield>
  <datafield tag="245" ind1=" " ind2=" ">
    <subfield code="a">The review of Ghana law 1983- 86 volume xv /</subfield>
    <subfield code="c">edited by:S.Y Bimpong -Buta.</subfield>
  </datafield>
  <datafield tag="250" ind1=" " ind2=" ">
    <subfield code="a">Volume xv</subfield>
  </datafield>
  <datafield tag="260" ind1=" " ind2=" ">
    <subfield code="a">Accra:</subfield>
    <subfield code="b">Council for Law Reporting,</subfield>
    <subfield code="c">1988.</subfield>
  </datafield>
  <datafield tag="300" ind1=" " ind2=" ">
    <subfield code="a">viii, 269p.:</subfield>
    <subfield code="c">23cm</subfield>
  </datafield>
  <datafield tag="440" ind1=" " ind2=" ">
    <subfield code="p">Review of Ghana Law (1983- 1988) </subfield>
    <subfield code="v">Vol. XV | </subfield>
    <subfield code="9">2369</subfield>
  </datafield>
  <datafield tag="500" ind1=" " ind2=" ">
    <subfield code="a">Includes references.</subfield>
  </datafield>
  <datafield tag="505" ind1=" " ind2=" ">
    <subfield code="a">Contents: Miscellany at Law -- Conference of superior Court Judges -- Conference of chairman and legal officers of public tribunals -- Prerogative writs: an appraisal -- The Legal composition of the Akan Family -- The Land Title Registration  Law:  An Introduction -- Sources of Law In Ghana -- Defences to an action for declaration of title to land -- The Forensic duties and responsibilities of state attorneys --Personal Injuries   -- Notes and comments -- Statutory Intelligence -- Book Review.</subfield>
  </datafield>
  <datafield tag="653" ind1=" " ind2=" ">
    <subfield code="a">Law -- Ghana -- Periodicals</subfield>
  </datafield>
  <datafield tag="700" ind1=" " ind2=" ">
    <subfield code="a">Bimpong-Buta, S. Y.</subfield>
    <subfield code="9">1005</subfield>
  </datafield>
  <datafield tag="700" ind1=" " ind2=" ">
    <subfield code="a">Sankah, D. R. K.</subfield>
    <subfield code="9">2129</subfield>
  </datafield>
  <datafield tag="700" ind1=" " ind2=" ">
    <subfield code="a">Agbosu, L. K.</subfield>
    <subfield code="9">2136</subfield>
  </datafield>
  <datafield tag="800" ind1=" " ind2=" ">
    <subfield code="a">Bimpong -Buta S.Y </subfield>
    <subfield code="9">1005</subfield>
  </datafield>
  <datafield tag="942" ind1=" " ind2=" ">
    <subfield code="2">lcc</subfield>
    <subfield code="c">BK</subfield>
  </datafield>
  <datafield tag="999" ind1=" " ind2=" ">
    <subfield code="c">4977</subfield>
    <subfield code="d">12477</subfield>
  </datafield>
  <datafield tag="952" ind1=" " ind2=" ">
    <subfield code="0">0</subfield>
    <subfield code="1">0</subfield>
    <subfield code="2">lcc</subfield>
    <subfield code="4">0</subfield>
    <subfield code="7">0</subfield>
    <subfield code="a">WIUC-1</subfield>
    <subfield code="b">WIUC-1</subfield>
    <subfield code="c">LL</subfield>
    <subfield code="d">2014-09-18</subfield>
    <subfield code="o">K18.R32(1983-86 vol. xv)</subfield>
    <subfield code="p">953/13</subfield>
    <subfield code="r">2014-09-18 00:00:00</subfield>
    <subfield code="t">1</subfield>
    <subfield code="w">2014-09-18</subfield>
    <subfield code="y">BK</subfield>
  </datafield>
  <datafield tag="952" ind1=" " ind2=" ">
    <subfield code="0">0</subfield>
    <subfield code="1">0</subfield>
    <subfield code="2">lcc</subfield>
    <subfield code="4">0</subfield>
    <subfield code="7">0</subfield>
    <subfield code="a">WIUC-KL</subfield>
    <subfield code="b">WIUC-KL</subfield>
    <subfield code="c">LL</subfield>
    <subfield code="d">2019-08-30</subfield>
    <subfield code="l">0</subfield>
    <subfield code="o">K18.R32(Vol. XV)</subfield>
    <subfield code="p">KSL/194/19</subfield>
    <subfield code="r">2021-06-23 00:00:00</subfield>
    <subfield code="w">2021-06-23</subfield>
    <subfield code="y">BK</subfield>
  </datafield>
  <datafield tag="952" ind1=" " ind2=" ">
    <subfield code="0">0</subfield>
    <subfield code="1">0</subfield>
    <subfield code="2">ddc</subfield>
    <subfield code="4">0</subfield>
    <subfield code="7">0</subfield>
    <subfield code="a">WIUC-1</subfield>
    <subfield code="b">WIUC-1</subfield>
    <subfield code="d">2023-09-06</subfield>
    <subfield code="l">0</subfield>
    <subfield code="o">K18.R321(1983-86 vol. xv)</subfield>
    <subfield code="p">3249/358/23</subfield>
    <subfield code="r">2023-09-06 00:00:00</subfield>
    <subfield code="t">2</subfield>
    <subfield code="w">2023-09-06</subfield>
    <subfield code="y">BK</subfield>
  </datafield>
</record>
